Statistics for NCAA Colleges in Utah

Click here to take the quiz!

General Stats

  • This quiz has been taken 148 times
  • The average score is 6 of 8

Answer Stats

DivisionTeam NameUniversity% Correct
Division IUtesUtah
99%
Division IAggiesUtah State
98%
Division ICougarsBrigham Young
95%
Division IThunderbirdsSouthern Utah
76%
Division IWildcatsWeber State
67%
Division IWolverinesUtah Valley
61%
Division IIRed StormDixie State
48%
Division IIGriffinsWestminster
26%

Score Distribution

Percentile by Number Answered

Percent of People with Each Score

Your Score History

You have not taken this quiz